000 00529nam a2200193Ia 4500
008 240729s9999 xx 000 0 und d
022 _a2447-8067
245 0 _aSociobiology
260 _aBrazil
260 _bUniversidade Estadual de Feira de Santana
650 _a Biology (General)
650 _a Ecology | Science
650 _a Natural history (General)
650 _a Zoology | Science
650 _aScience
856 _uhttps://doaj.org/toc/a362eaa76f884dc3b5394de25c0f9fe7
942 _2ddc
942 _cDOAJEJ
999 _c72229
_d72229
945 _a1
_bMadushi Gamage
_c1
_dMadushi Gamage